| 000 | 00761nam a2200217Ia 4500 | ||
|---|---|---|---|
| 003 | GCL | ||
| 005 | 20240530095418.0 | ||
| 008 | 140319s9999 xx 000 0 ara d | ||
| 020 | _a7286939960 | ||
| 040 |
_aGCL / _cGCL |
||
| 082 | 0 | 4 |
_a811.9531 _bش ا |
| 100 | 1 | _aشعيب بن الحميد بن سالم الدوسرى | |
| 245 | 1 | 0 |
_aامتاع السامر بتكملة متعة الناظر / _cشعيب بن الحميد بن سالم الدوسرى |
| 250 | _aالاولى | ||
| 260 |
_aالرياض : _bمكتبة الملك فهد الوطنية ، _c1998 |
||
| 300 |
_a543 ص ؛ _c24 سم |
||
| 650 | 0 | 4 | _aعسير |
| 650 | 0 | 4 | _aالشعر العربى - دواوين وقصائد |
| 650 | 0 | 4 | _aالسعودية - تراجم |
| 942 |
_2ddc _cBK |
||
| 999 |
_c6989 _d6989 |
||